Priame zahraničné investície a ich podpora zo strany štátu - teoretické východiská
Prehľad vybraných teoretických prístupov k problematike poskytovania investičných stimulov. Základné oblasti, ktorým sa v kontexte investičných stimulov venuje odborná teória a literatúra: problematika ich efektivity; problematika redistribúcie kapitálu a problematika životného prostredia. Vybrané m...
Salvato in:
| Autore principale: | |
|---|---|
| Natura: | Capitolo di libro |
| Lingua: | slovacco |
| Soggetti: | |
| Tags: |
Nessun Tag, puoi essere il primo ad aggiungerne!!
|
MARC
| LEADER | 00000nla a2200000 4500 | ||
|---|---|---|---|
| 001 | 0228876 | ||
| 005 | 20240502073752.7 | ||
| 041 | 0 | |a slo | |
| 044 | |a SK | ||
| 245 | 1 | 0 | |a Priame zahraničné investície a ich podpora zo strany štátu - teoretické východiská |c Martina Balejová |
| 520 | |a Prehľad vybraných teoretických prístupov k problematike poskytovania investičných stimulov. Základné oblasti, ktorým sa v kontexte investičných stimulov venuje odborná teória a literatúra: problematika ich efektivity; problematika redistribúcie kapitálu a problematika životného prostredia. Vybrané modely posudzovania efektivity investičných stimulov. | ||
| 610 | 2 | 0 | |a investície priame zahraničné |
| 610 | 2 | 0 | |a stimuly ekonomické |
| 610 | 2 | 0 | |a pôžičky |
| 610 | 2 | 0 | |a dotácie štátne |
| 610 | 2 | 0 | |a efektívnosť |
| 610 | 2 | 0 | |a redistribúcia |
| 100 | 1 | |a Balejová, Martina, 1990- | |